| 000 | 00557nam a22001817a 4500 | ||
|---|---|---|---|
| 003 | OSt | ||
| 005 | 20140310181750.0 | ||
| 008 | 130626t xxu||||| |||| 00| 0 eng d | ||
| 020 | _a9715690807 | ||
| 050 |
_aHQ 680 _b.L869 1993 |
||
| 082 |
_aFIL 306.854 _b L88 1993 |
||
| 100 | _aLorenzo, Maria Luisa R. | ||
| 245 |
_aFamily values, anyone? : _bthe endangered Manila upper and middle class family / _cLorenzo, Maria Luisa R. |
||
| 260 |
_aManila, Philippines : _bBookmark Inc. _c1993. |
||
| 300 |
_a169 p. _bill. ; _c22 cm. |
||
| 942 |
_2lcc _cBK |
||
| 999 |
_c3158 _d3158 |
||